[Event "RLP Seniors op 17th"]
[Site "Neustadt an der Weinstrasse"]
[Date "2019.07.23"]
[Round "4"]
[White "Baerthel, Klaus"]
[Black "Wawrinsky, Ludwig"]
[Result "1-0"]
[WhiteElo "1874"]
[BlackElo "1724"]
[PlyCount "25"]
[EventDate "2019.07.20"]
[EventType "swiss"]
[EventRounds "9"]
[EventCountry "GER"]
[SourceTitle "CBM 192 Extra"]
[Source "Chessbase"]
[SourceDate "2019.11.06"]
[SourceVersion "1"]
[SourceVersionDate "2019.11.06"]
[SourceQuality "1"]

1. e4 e6 2. d4 b6 3. Bd3 Bb7 4. Nf3 c5 5. c3 d5 6. e5 cxd4 7. cxd4 Bb4+ 8. Nbd2 Ne7 9. 0-0 0-0 10. Bxh7+ Kxh7 11. Ng5+ Kg6 12. Qg4 Qe8 13. Nxe6+ 1-0

[Event "Rheinland Pfalz op Seniors 16th"]
[Site "Neustadt an der Weinstrasse"]
[Date "2018.07.10"]
[Round "4"]
[White "Costea, Valerius"]
[Black "Wawrinsky, Ludwig"]
[Result "0-1"]
[WhiteElo "1865"]
[BlackElo "1710"]
[PlyCount "70"]
[EventDate "2018.07.07"]
[EventType "swiss"]
[EventRounds "9"]
[EventCountry "GER"]
[SourceTitle "EXT 2019"]
[Source "ChessBase"]
[SourceDate "2018.10.10"]
[SourceVersion "1"]
[SourceVersionDate "2018.10.10"]
[SourceQuality "1"]

1. e4 e5 2. Nf3 Nc6 3. Bb5 d6 4. h3 Nf6 5. d3 Bd7 6. 0-0 a6 7. Ba4 b5 8. Bb3 Na5 9. Nc3 Nxb3 10. axb3 c6 11. Re1 Be7 12. Ne2 h6 13. Ng3 Qc8 14. Kh2 g5 15. Ng1 Be6 16. Nh5 Nxh5 17. Qxh5 Kd7 18. Qe2 Kc7 19. f3 h5 20. Be3 g4 21. Bf2 Kb7 22. c4 c5 23. b4 cxb4 24. cxb5 axb5 25. Rec1 Qd7 26. Qd2 b3 27. d4 Bc4 28. d5 Ra4 29. Ne2 gxf3 30. gxf3 Rg8 31. Be3 f5 32. Nc3 f4 33. Nxa4 Rg3 34. Qg2 Rxg2+ 35. Kxg2 fxe3 0-1

[Event "Rheinland Pfalz op Seniors 15th"]
[Site "Neustadt an der Weinstrasse"]
[Date "2017.07.22"]
[Round "8"]
[White "Daitche, Josef"]
[Black "Wawrinsky, Ludwig"]
[Result "0-1"]
[WhiteElo "1706"]
[BlackElo "1788"]
[PlyCount "31"]
[EventDate "2017.07.15"]
[EventType "swiss"]
[EventRounds "9"]
[EventCountry "GER"]
[SourceTitle "EXT 2018"]
[Source "ChessBase"]
[SourceDate "2017.10.13"]
[SourceVersion "1"]
[SourceVersionDate "2017.10.13"]
[SourceQuality "1"]

1. Nf3 c5 2. c4 Nc6 3. Nc3 g6 4. e3 Bg7 5. d4 cxd4 6. exd4 e6 7. Be2 Nge7 8. Nb5 0-0 9. 0-0 d5 10. Bf4 dxc4 11. Bxc4 a6 12. Na3 b5 13. Bb3 Na5 14. Bc2 Nd5 15. Qc1 Nxf4 16. Qxf4 0-1

[Event "Rheinland Pfalz op Seniors 15th"]
[Site "Neustadt an der Weinstrasse"]
[Date "2017.07.16"]
[Round "2"]
[White "Wawrinsky, Ludwig"]
[Black "Walther, Reinhard"]
[Result "0-1"]
[WhiteElo "1788"]
[BlackElo "2035"]
[PlyCount "66"]
[EventDate "2017.07.15"]
[EventType "swiss"]
[EventRounds "9"]
[EventCountry "GER"]
[SourceTitle "EXT 2018"]
[Source "ChessBase"]
[SourceDate "2017.10.13"]
[SourceVersion "1"]
[SourceVersionDate "2017.10.13"]
[SourceQuality "1"]

1. e4 d6 2. d4 Nf6 3. f3 c5 4. d5 e6 5. Bb5+ Nbd7 6. dxe6 fxe6 7. Bg5 Qb6 8. Qe2 a6 9. Bxd7+ Bxd7 10. Bxf6 gxf6 11. c4 Bg7 12. f4 0-0-0 13. Nf3 d5 14. e5 d4 15. 0-0 Rhg8 16. b3 f5 17. Nbd2 Bh6 18. Ne1 Rg4 19. Nd3 Bc6 20. Rf2 Rdg8 21. g3 Bf8 22. Rb1 Qd8 23. Kf1 Qh4 24. Ke1 Qd8 25. Kd1 h5 26. Kc2 Qa5 27. Rb2 h4 28. Nf1 hxg3 29. Nxg3 Qc3+ 30. Kb1 Rxg3 31. hxg3 Be4 32. Rf3 Rh8 33. Rd2 Bxf3 0-1

[Event "GER-chA Seniors 28th"]
[Site "Niederhausen"]
[Date "2016.08.20"]
[Round "8"]
[White "Kienel, Norbert"]
[Black "Wawrinsky, Ludwig"]
[Result "1-0"]
[WhiteElo "1887"]
[BlackElo "1803"]
[PlyCount "43"]
[EventDate "2016.08.13"]
[EventType "swiss"]
[EventRounds "9"]
[EventCountry "GER"]
[SourceTitle "EXT 2019"]
[Source "ChessBase"]
[SourceDate "2018.10.10"]
[SourceVersion "1"]
[SourceVersionDate "2018.10.10"]
[SourceQuality "1"]

1. d4 Nf6 2. c4 e6 3. Nf3 b6 4. e3 Bb7 5. Bd3 Ne4 6. 0-0 Be7 7. Nc3 Nxc3 8. bxc3 0-0 9. e4 d6 10. Qc2 h6 11. Nd2 Nd7 12. f4 Rc8 13. Nf3 a5 14. e5 Re8 15. f5 dxe5 16. fxe6 fxe6 17. Bh7+ Kh8 18. Bxh6 e4 19. Bxe4 Bxe4 20. Qxe4 gxh6 21. Ne5 Rf8 22. Rf7 1-0

[Event "GER-chA Seniors 28th"]
[Site "Niederhausen"]
[Date "2016.08.13"]
[Round "1"]
[White "Achenbach, Manfred"]
[Black "Wawrinsky, Ludwig"]
[Result "1-0"]
[WhiteElo "2062"]
[BlackElo "1803"]
[PlyCount "78"]
[EventDate "2016.08.13"]
[EventType "swiss"]
[EventRounds "9"]
[EventCountry "GER"]
[SourceTitle "EXT 2019"]
[Source "ChessBase"]
[SourceDate "2018.10.10"]
[SourceVersion "1"]
[SourceVersionDate "2018.10.10"]
[SourceQuality "1"]

1. Nf3 Nf6 2. c4 c5 3. Nc3 Nc6 4. g3 b6 5. Bg2 Bb7 6. d3 Nd4 7. e4 d6 8. 0-0 e5 9. Nxd4 exd4 10. Nd5 Nxd5 11. exd5 Be7 12. Re1 0-0 13. Bd2 Bc8 14. b4 Re8 15. bxc5 bxc5 16. Rb1 Bf8 17. Rxe8 Qxe8 18. Qc2 Bd7 19. Bf4 h6 20. h4 Rb8 21. Be4 Rxb1+ 22. Qxb1 Qc8 23. Kg2 Be7 24. Qe1 Bf6 25. Bxd6 Bd8 26. Bf4 f5 27. Bf3 g5 28. hxg5 hxg5 29. Be5 g4 30. Bd1 Bc7 31. Bxc7 Qxc7 32. Qe7 Qc8 33. a3 a5 34. a4 Kh8 35. Qd6 Kg8 36. Qb6 Qe8 37. Qxa5 Qh5 38. Qd8+ Qe8 39. Qxe8+ Bxe8 1-0

[Event "GER-chA Seniors 27th"]
[Site "Magdeburg"]
[Date "2015.08.17"]
[Round "3"]
[White "Wawrinsky, Ludwig"]
[Black "Rychlik, Kurt"]
[Result "0-1"]
[WhiteElo "1843"]
[BlackElo "2060"]
[PlyCount "98"]
[EventDate "2015.08.15"]
[EventType "swiss"]
[EventRounds "9"]
[EventCountry "GER"]
[SourceTitle "EXT 2018"]
[Source "ChessBase"]
[SourceDate "2017.10.13"]
[SourceVersion "1"]
[SourceVersionDate "2017.10.13"]
[SourceQuality "1"]

1. e4 g6 2. g3 Bg7 3. Bg2 c5 4. d3 Nc6 5. f4 d6 6. Nf3 Bg4 7. c3 e5 8. 0-0 Qd7 9. Na3 h5 10. Qe1 Nh6 11. Nc4 0-0 12. Nh4 exf4 13. Bxf4 Ne5 14. Qd2 Kh7 15. Ne3 Be6 16. Nd5 Bxd5 17. exd5 f5 18. Rae1 Nhf7 19. Nf3 Rae8 20. Ng5+ Nxg5 21. Bxg5 a6 22. c4 b5 23. b3 b4 24. h3 a5 25. Re2 Nf7 26. Be3 Bc3 27. Qd1 Re7 28. Bd2 Bd4+ 29. Kh2 Ne5 30. Bg5 Ree8 31. Bh1 Rf7 32. Bg2 Rff8 33. Bh1 Qg7 34. Rfe1 Bc3 35. Rf1 Nf7 36. Bd2 Be5 37. Bf4 g5 38. Bxe5 Nxe5 39. Ref2 Qg6 40. d4 Nd7 41. dxc5 Nxc5 42. Re2 Rxe2+ 43. Qxe2 Re8 44. Qf2 Re5 45. Qd2 h4 46. gxh4 gxh4 47. Rg1 Qh5 48. Qf4 Nd3 49. Qf3 Re2+ 0-1

[Event "GER-chB Seniors 26th"]
[Site "Bad Neuenahr"]
[Date "2014.08.07"]
[Round "3"]
[White "Wawrinsky, Ludwig"]
[Black "Huber, Helmut"]
[Result "0-1"]
[WhiteElo "1830"]
[BlackElo "1544"]
[PlyCount "48"]
[EventDate "2014.08.05"]
[EventType "swiss"]
[EventRounds "9"]
[EventCountry "GER"]
[SourceTitle "EXT 2018"]
[Source "ChessBase"]
[SourceDate "2017.10.13"]
[SourceVersion "1"]
[SourceVersionDate "2017.10.13"]
[SourceQuality "1"]

1. e4 c5 2. d3 Nc6 3. g3 d5 4. Nc3 Nf6 5. Bg2 dxe4 6. Nxe4 Qb6 7. Nxf6+ exf6 8. Nf3 Bd6 9. 0-0 0-0 10. Re1 Bg4 11. h3 Bf5 12. Nd2 Qc7 13. Nc4 Rfe8 14. Nxd6 Qxd6 15. Bf4 Qd7 16. Kh2 Nd4 17. Qd2 Rad8 18. Rad1 b5 19. Rxe8+ Rxe8 20. c3 Re2 21. Qc1 Rxf2 22. cxd4 Bxh3 23. Rg1 Qd5 24. Kxh3 Qh5# 0-1

[Event "Bad Woerishofen Seniors op 30th"]
[Site "Bad Woerishofen"]
[Date "2014.03.28"]
[Round "8"]
[White "Wawrinsky, Ludwig"]
[Black "Krotofil, Kurt"]
[Result "0-1"]
[WhiteElo "1817"]
[BlackElo "1914"]
[PlyCount "88"]
[EventDate "2014.03.21"]
[EventType "swiss"]
[EventRounds "9"]
[EventCountry "GER"]
[SourceTitle "EXT 2019"]
[Source "ChessBase"]
[SourceDate "2018.10.10"]
[SourceVersion "1"]
[SourceVersionDate "2018.10.10"]
[SourceQuality "1"]

1. e4 c5 2. d3 Nc6 3. g3 g6 4. Bg2 Bg7 5. f4 d6 6. Nf3 e6 7. 0-0 Nge7 8. c3 d5 9. e5 d4 10. c4 0-0 11. Re1 a6 12. Nbd2 b5 13. b3 bxc4 14. Nxc4 Nd5 15. Bb2 a5 16. Nfd2 Ncb4 17. Ne4 Qe7 18. a3 Nc6 19. Qc1 Rb8 20. Ncd2 Ne3 21. Nf6+ Bxf6 22. exf6 Qb7 23. Bf3 Qb5 24. a4 Qb6 25. Nc4 Nxc4 26. dxc4 Nb4 27. f5 Qd8 28. Qg5 exf5 29. Re7 Qd6 30. Rae1 Rb6 31. Bc1 Qxf6 32. Qxf6 Rxf6 33. Bh6 Re6 34. R7xe6 fxe6 35. Bxf8 Kxf8 36. Re5 Nd3 37. Re2 e5 38. Bd5 e4 39. g4 Nf4 40. Rf2 Nh3+ 41. Kg2 Nxf2 42. Kxf2 e3+ 43. Kg3 fxg4 44. Be4 Bf5 0-1